Bài tập kỹ thuật lạnh /
Nội dung sách gồm: Chu trình máy lạnh nén hơi một cấp; Chu trình máy lạnh hấp thụ; Chu trình máy lạnh EJECTƠ; Chu trình máy lạnh nén khí; Thiết bị trao đổi nhiệt; Tính sức bền các thiết bị áp lực của hệ thống lạnh; Thiết bị phụ của hệ thống lạnh; Tính toán kho lạnh. Lạnh ứng dụng....
Đã lưu trong:
| Príomhúdar: | |
|---|---|
| Údair Eile: | |
| Formáid: | Leabhar |
| Teanga: | Vietnamese |
| Foilsithe: |
Hà Nội :
Giáo dục,
1996.
|
| Ábhair: | |
| Clibeanna: |
Cuir Clib Leis
Gan Chlibeanna, Bí ar an gcéad duine leis an taifead seo a chlibeáil!
|
| Thư viện lưu trữ: | Mạng thư viện Đại học Đà Nẵng |
|---|
| LEADER | 01530cam a2200373 a 4500 | ||
|---|---|---|---|
| 001 | 000044542 | ||
| 003 | 2943 | ||
| 005 | 20060427085339.0 | ||
| 008 | 010220b1996 vm 000 vie | ||
| 020 | |c 17000 | ||
| 040 | |a LRC |c LRC |d LRC | ||
| 041 | 0 | |a vie | |
| 082 | 1 | 4 | |a 536.7 |b NG-L |
| 100 | 1 | |a Nguyễn Đức Lợi. | |
| 245 | 1 | 0 | |a Bài tập kỹ thuật lạnh / |c Nguyễn Đức Lợi, Phạm Văn Tuỳ. |
| 260 | |a Hà Nội : |b Giáo dục, |c 1996. | ||
| 300 | |a 235 tr. : |b mh. ; |c 27 cm. | ||
| 520 | 3 | |a Nội dung sách gồm: Chu trình máy lạnh nén hơi một cấp; Chu trình máy lạnh hấp thụ; Chu trình máy lạnh EJECTƠ; Chu trình máy lạnh nén khí; Thiết bị trao đổi nhiệt; Tính sức bền các thiết bị áp lực của hệ thống lạnh; Thiết bị phụ của hệ thống lạnh; Tính toán kho lạnh. Lạnh ứng dụng. | |
| 630 | 0 | 4 | |a Kỹ thuật lạnh. |
| 650 | 0 | 4 | |a Điện lạnh |x Kỹ thuật. |
| 650 | 0 | 4 | |a Nhiệt điện. |
| 700 | 1 | |a Phạm Văn Tuỳ. | |
| OWN | |a DUT | ||
| AVA | |a UDN50 |b DUT |c Book |d 536.7 NG-L |e available |t Error 5001 Not defined in file expand_doc_bib_avail. |f 1 |g 0 |h N |i 0 |j SH |k 1 | ||
| 999 | |a From the UDN01 | ||
| AVA | |a UDN50 |b DUT |c Book |d 536.7 NG-L |e available |t Error 5001 Not defined in file expand_doc_bib_avail. |f 1 |g 0 |h N |i 0 |j SH |k 1 | ||
| TYP | |a Monograph | ||
| TYP | |a Printed language | ||
| 980 | |a Mạng thư viện Đại học Đà Nẵng | ||